00221nam a2200085Ia 450000100070000000500170000700800410002424500380006526000320010388611520250826182810.0250824s9999 xx 000 0 und d 0a29 HARFTE EVLİLİKcOKTAY SARI bKİTAP DÜNYASI YAYINLARI